Prevención del abuso sexual en la infancia : guía docente /
Guardado en:
| Autor Principal: | |
|---|---|
| Otros Autores: | |
| Formato: | Libro |
| Idioma: | Undetermined |
| Publicado: |
Ituzaingo :
Maipue,
2018.
|
| Series: | Niñez y Adolescencia
|
| Materias: | |
| Etiquetas: |
Agregar Etiqueta
Sin Etiquetas, Sea el primero en etiquetar este registro!
|
| LEADER | 01084nam a22002055a 4500 | ||
|---|---|---|---|
| 001 | CEM.cems018762 | ||
| 008 | 210715s2018####xx############000#0#und#d | ||
| 005 | 20210716102345.0 | ||
| 003 | CEMS | ||
| 245 | 1 | 0 | |a Prevención del abuso sexual en la infancia : |b guía docente / |c María Cecilia López y María Beatriz Müller. |
| 260 | |a Ituzaingo : |b Maipue, |c 2018. | ||
| 300 | |a 192 p. | ||
| 490 | 1 | |a Niñez y Adolescencia | |
| 505 | 0 | |a Guía para docentes -- El abuso sexual en la infancia, cuestiones teóricas -- La prevención del abuso sexual en la infancia -- Guía orientativa para madres y padres -- Los cuentos y las metáforas -- Taller para docentes -- Guía para alumnos -- Nivel inicial -- Nivel primario, Primer ciclo -- Nivel primario, Segundo ciclo -- Nivel secundario -- Nivel secundario, ciclo orientado | |
| 100 | 1 | |a López, María Cecilia. | |
| 700 | 1 | |a Müller, María Beatriz. | |
| 650 | 7 | |a Abuso sexual infantil | |
| 650 | 7 | |a Abuso sexual infantil-prevención | |
| 650 | 7 | |a Abuso sexual infantil-guía para el docente | |
| 859 | |a CEMS |b BIB. CEMS - 11 de abril |h 371.1 |i L881 |p 29104.21 | ||
